| 000 | 01618cam a2200433 i 4500 | ||
|---|---|---|---|
| 001 | data | ||
| 005 | 20260322212113.0 | ||
| 008 | data | ||
| 035 | _a22046768 | ||
| 906 |
_a7 _bcbc _ccopycat _d2 _encip _f20 _gy-gencatlg |
||
| 925 | 0 |
_aacquire _b1 shelf copies _xpolicy default |
|
| 010 | _a 2019462580 | ||
| 016 | 7 |
_aBC02859199 _2JP-ToKJK |
|
| 020 |
_a9781839096051 _qhardcover |
||
| 020 |
_a1839096055 _qhardcover |
||
| 035 | _a(OCoLC)1202220098 | ||
| 040 |
_aKEI _beng _cKEI _erda _dDLC _dYDX _dYDXIT _dOCLCO _dOCLCF _dYDXIT _dDLC |
||
| 042 | _alccopycat | ||
| 050 | 0 | 0 |
_aHD30.22 _b.C67 2020 |
| 082 | 0 | 4 |
_a338.5/024658 _223 |
| 245 | 0 | 0 |
_aContemporary issues in business economics and finance / _cedited by Simon Grima, Ercan Özen, Hakan Boz. |
| 250 | _aFirst edition. | ||
| 264 | 1 |
_aBingley, UK : _bEmerald Publishing, _c2020. |
|
| 300 |
_axxviii, 262 pages : _billustrations ; _c24 cm. |
||
| 336 |
_atext _btxt _2rdacontent |
||
| 337 |
_aunmediated _bn _2rdamedia |
||
| 338 |
_avolume _bnc _2rdacarrier |
||
| 490 | 1 |
_aContemporary studies in economic and financial analysis, _vvolume 104 _vvolume 104 |
|
| 504 | _aIncludes bibliographical references and index. | ||
| 650 | 0 | _aManagerial economics. | |
| 650 | 0 | _aEconomics. | |
| 650 | 7 |
_aEconomics. _2fast _0(OCoLC)fst00902116 |
|
| 650 | 7 |
_aManagerial economics. _2fast _0(OCoLC)fst01007340 |
|
| 700 | 1 |
_aGrima, Simon, _eeditor. |
|
| 700 | 1 |
_aÖzen, Ercan, _eeditor. |
|
| 700 | 1 |
_aBoz, Hakan, _eeditor. |
|
| 830 | 0 |
_aContemporary studies in economic and financial analysis ; _vv. 104. |
|
| 999 |
_c1701 _d1701 |
||